[Event "3rd International Grandmasters Tournamen"]
[Site "Lublin"]
[Date "2011.05.15"]
[Round "1"]
[White "Grachev, Boris"]
[Black "Sasikiran, Krishnan"]
[Result "1-0"]
[WhiteElo "2669"]
[BlackElo "2676"]
[PlyCount "80"]
[EventDate "2011.??.??"]

1. c4 c5 2. Nc3 g6 3. g3 Bg7 4. Bg2 Nc6 5. Nf3 d6 6. O-O Nh6 7. d4 cxd4 8. Bxh6
Bxh6 9. Nxd4 Ne5 10. Qb3 O-O 11. Rfd1 Nd7 12. Qa3 Bg7 13. b4 Nb6 14. c5 dxc5
15. bxc5 Bxd4 16. cxb6 Bg4 17. Bxb7 Bxf2+ 18. Kg2 Bd4 19. h3 Be6 20. Rab1 Rb8
21. Bf3 Rxb6 22. e3 Bxh3+ 23. Kh2 Rxb1 24. Nxb1 Bf5 25. Rxd4 Qc7 26. Nc3 Rb8
27. Rd2 Be6 28. Ne2 Rb5 29. Nf4 Re5 30. Kg2 Bc4 31. Qc1 Rc5 32. Qd1 Qe5 33. Kf2
Ra5 34. Bd5 Bxd5 35. Nxd5 Kg7 36. Nf4 Ra3 37. Qf3 e6 38. Rc2 Qa5 39. Qe2 e5 40.
Ng2 Qd5 1-0

[Event "3rd International Grandmasters Tournamen"]
[Site "Lublin"]
[Date "2011.05.15"]
[Round "1"]
[White "Wojtaszek, Radoslaw"]
[Black "Shirov, Alexei"]
[Result "0-1"]
[WhiteElo "2721"]
[BlackElo "2709"]
[PlyCount "84"]
[EventDate "2011.??.??"]

1. d4 d5 2. c4 c6 3. Nc3 Nf6 4. e3 e6 5. Nf3 Nbd7 6. Bd3 dxc4 7. Bxc4 b5 8. Bd3
Bb7 9. a3 Bd6 10. O-O O-O 11. Qc2 a5 12. Rd1 b4 13. Na4 Rc8 14. Nc5 Bxc5 15.
dxc5 b3 16. Qc3 Qe7 17. Qxa5 Nxc5 18. Bc4 Ra8 19. Qe1 Ra4 20. Bf1 e5 21. Bd2
Nce4 22. h3 g5 23. Bb4 c5 24. Bb5 Ra7 25. Bc3 g4 26. Nh4 Nxc3 27. bxc3 gxh3 28.
f3 Kh8 29. Nf5 Qe6 30. e4 Rg8 31. g3 b2 32. Rab1 Qb3 33. Nd6 Ba6 34. Bxa6 Rxa6
35. Rd2 Qxc3 36. Nxf7+ Kg7 37. Ng5 Kh6 38. f4 Rxa3 39. Kh2 Ng4+ 40. Kh1 Qxg3
41. Nf7+ Kh5 42. Qxg3 Rxg3 0-1

[Event "3rd International Grandmasters Tournamen"]
[Site "Lublin"]
[Date "2011.05.15"]
[Round "1"]
[White "Roiz, Michael"]
[Black "Socko, Bartosz"]
[Result "1-0"]
[WhiteElo "2660"]
[BlackElo "2654"]
[PlyCount "179"]
[EventDate "2011.??.??"]

1. Nf3 Nf6 2. c4 e6 3. Nc3 d5 4. d4 Bb4 5. Bg5 Nbd7 6. Qb3 c5 7. a3 Qa5 8. Bd2
O-O 9. e3 Bxc3 10. Bxc3 Qd8 11. Rd1 b6 12. dxc5 Nxc5 13. Qc2 Bb7 14. Ng5 Nfe4
15. Nxe4 Nxe4 16. Bb4 Re8 17. Bd3 Qh4 18. Bxe4 Qxe4 19. Qxe4 dxe4 20. a4 Red8
21. Rxd8+ Rxd8 22. Ke2 f6 23. Rd1 Rxd1 24. Kxd1 Kf7 25. Bd6 Ke8 26. b4 Kd7 27.
Bb8 a6 28. Kc2 h5 29. h4 g6 30. Kc3 Bc6 31. b5 axb5 32. axb5 Bb7 33. Bf4 e5 34.
Bh6 Ke7 35. Kb4 Ba8 36. Bg7 Kf7 37. Bh8 Ke6 38. Bg7 Kf7 39. Bh6 Ke7 40. c5
bxc5+ 41. Kxc5 Kd7 42. Bg7 f5 43. Bxe5 Bb7 44. Bf4 Ba8 45. Bh2 Bb7 46. Kb6 Kc8
47. Bf4 Ba8 48. Be5 Bb7 49. Bd4 Ba8 50. Kc5 Kd7 51. Kc4 Bb7 52. Kc3 Kd6 53. Kd2
Bd5 54. Ke1 Bc4 55. b6 Ba6 56. f3 Bb7 57. Kf2 Ke6 58. Kg3 Ba8 59. Kf4 Bb7 60.
Kg5 Kf7 61. Kf4 Ke6 62. Bc3 Bc6 63. Be1 Kf6 64. Bc3+ Ke6 65. Kg5 Kf7 66. f4 Bb7
67. Be1 Bc8 68. Bf2 Kg7 69. Bg3 Kf7 70. Be1 Kg7 71. g3 Kf7 72. Bc3 Bb7 73. g4
hxg4 74. h5 gxh5 75. Kxf5 g3 76. Be1 g2 77. Bf2 Ke7 78. Kg6 Bd5 79. Kxh5 Kf6
80. Kg4 Ke6 81. Kg5 Kf7 82. Kf5 Bb7 83. Bg1 Ba8 84. Ke5 Ke7 85. f5 Kf7 86. Kd6
Kf6 87. Kc7 Kxf5 88. b7 Bxb7 89. Kxb7 Kg4 90. Kc6 1-0

[Event "3rd International Grandmasters Tournamen"]
[Site "Lublin"]
[Date "2011.05.15"]
[Round "1"]
[White "Zhigalko, Sergei"]
[Black "Alekseev, Evgeny"]
[Result "1-0"]
[WhiteElo "2679"]
[BlackElo "2673"]
[PlyCount "107"]
[EventDate "2011.??.??"]

1. e4 c5 2. Nf3 Nc6 3. Bb5 g6 4. Bxc6 dxc6 5. d3 Bg7 6. h3 Nh6 7. a4 f6 8. Be3
Qd6 9. Nbd2 e5 10. Nc4 Qe7 11. Qd2 Nf7 12. Qa5 Bf8 13. Nfd2 Qd8 14. Qxd8+ Nxd8
15. f4 exf4 16. Bxf4 Nf7 17. O-O Be7 18. Bg3 O-O 19. Bh4 Ng5 20. Bxg5 fxg5 21.
Rxf8+ Kxf8 22. Rf1+ Kg7 23. e5 Be6 24. Nd6 b6 25. a5 Rf8 26. Ra1 b5 27. N2e4 c4
28. dxc4 bxc4 29. Ra4 Rb8 30. Nxc4 g4 31. hxg4 Bxg4 32. b3 Rb4 33. Ra1 Be6 34.
Ned6 h5 35. a6 Bd8 36. Rd1 Bg5 37. Kf2 Rb8 38. Ne4 Be7 39. Ncd6 Rf8+ 40. Ke3
Bd8 41. b4 g5 42. Nc5 Bg4 43. Rd4 Kg6 44. c4 Bb6 45. Nde4 Bc7 46. e6 Re8 47.
Rd7 Bb6 48. Kd2 h4 49. Nd6 Rh8 50. Nf7 Re8 51. Ne5+ Kf5 52. Nxc6 Kf6 53. Rf7+
Kg6 54. Ne5+ 1-0

[Event "3rd International Grandmasters Tournamen"]
[Site "Lublin"]
[Date "2011.05.16"]
[Round "2"]
[White "Sasikiran, Krishnan"]
[Black "Alekseev, Evgeny"]
[Result "1-0"]
[WhiteElo "2679"]
[BlackElo "2673"]
[PlyCount "103"]
[EventDate "2011.??.??"]

1. d4 d5 2. c4 e6 3. Nf3 Nf6 4. g3 dxc4 5. Bg2 Nc6 6. Qa4 Bb4+ 7. Bd2 Nd5 8.
Bxb4 Ndxb4 9. Nc3 Bd7 10. O-O a5 11. Qd1 O-O 12. e3 a4 13. Qe2 Na5 14. Ne5 Nd5
15. Nxd5 exd5 16. Bxd5 Bh3 17. Qf3 Bxf1 18. Bxf7+ Kh8 19. Rxf1 Nc6 20. Qh5 Nxe5
21. dxe5 Ra5 22. Rd1 Qe7 23. Bg6 h6 24. f4 Rb5 25. Bc2 Rb6 26. Qf3 Rd8 27.
Rxd8+ Qxd8 28. Qe4 g6 29. e6 Qe7 30. f5 gxf5 31. Qd4+ Kg8 32. Bxf5 Rd6 33. Qxc4
Kf8 34. Bg4 Qg7 35. Kg2 Qf6 36. Qc2 Rd5 37. e4 Rb5 38. b3 c6 39. Bf5 a3 40. Kh3
Qe7 41. Qc3 Kg8 42. Qd3 Rc5 43. Qd7 Kf8 44. Qd2 Kg7 45. Qb4 Kf8 46. Qxa3 Rc2
47. b4 Qd8 48. Qf3 Ke7 49. e5 Rb2 50. Qc3 Qd2 51. Qc5+ Kd8 52. e7+ 1-0

[Event "3rd International Grandmasters Tournamen"]
[Site "Lublin"]
[Date "2011.05.16"]
[Round "2"]
[White "Socko, Bartosz"]
[Black "Zhigalko, Sergei"]
[Result "0-1"]
[WhiteElo "2654"]
[BlackElo "2679"]
[PlyCount "86"]
[EventDate "2011.??.??"]

1. d4 Nf6 2. c4 e6 3. Nf3 b6 4. g3 Ba6 5. Nbd2 c5 6. e4 cxd4 7. e5 Ng4 8. h3
Nh6 9. Bg2 Nc6 10. O-O Nf5 11. a3 Be7 12. b4 Bb7 13. g4 Nh4 14. Nxh4 Bxh4 15.
Ne4 Be7 16. Bg5 f6 17. exf6 gxf6 18. Bh6 Rg8 19. c5 Qc7 20. Rc1 b5 21. Qd2
O-O-O 22. Bf4 e5 23. Bg3 h5 24. a4 a6 25. axb5 axb5 26. Qe2 hxg4 27. hxg4 d3
28. Qxd3 Rxg4 29. Qxb5 Nd4 30. Qd3 Bc6 31. b5 Bxe4 32. Bxe4 Bxc5 33. b6 Qxb6
34. Rb1 Ne2+ 35. Kh1 Rh8+ 36. Bh2 Rgh4 37. Qxe2 Rxh2+ 38. Kg1 Qe6 39. Bf3 f5
40. Rfc1 Qg6+ 41. Bg4 Rh1+ 42. Kg2 R8h2+ 43. Kg3 f4+ 0-1

[Event "3rd International Grandmasters Tournamen"]
[Site "Lublin"]
[Date "2011.05.16"]
[Round "2"]
[White "Shirov, Alexei"]
[Black "Roiz, Michael"]
[Result "1/2-1/2"]
[WhiteElo "2709"]
[BlackElo "2660"]
[PlyCount "75"]
[EventDate "2011.??.??"]

1. e4 c6 2. d4 d5 3. e5 Bf5 4. h4 h5 5. Bg5 Qb6 6. Bd3 Bxd3 7. Qxd3 e6 8. Nd2
Qa6 9. c4 Nd7 10. Ne2 Be7 11. Nf4 dxc4 12. Nxc4 Nb6 13. Rc1 Nxc4 14. Rxc4 g6
15. O-O Bxg5 16. hxg5 Ne7 17. Qb3 Rb8 18. Nd3 Qb6 19. Qa3 a6 20. Nc5 Qc7 21.
Ne4 Kf8 22. Nf6 Kg7 23. Re1 Nf5 24. Re4 Rbd8 25. Qc3 Qb6 26. Rf4 h4 27. a4 a5
28. Kh2 Qa7 29. Kh3 Qb6 30. Kh2 Qa7 31. b3 Qb6 32. Rc5 Ra8 33. Rc4 Rad8 34. Rc5
Ra8 35. Kg1 Qa7 36. Re4 Qb6 37. Rf4 Qa7 38. Kh2 1/2-1/2

[Event "3rd International Grandmasters Tournamen"]
[Site "Lublin"]
[Date "2011.05.16"]
[Round "2"]
[White "Grachev, Boris"]
[Black "Wojtaszek, Radoslaw"]
[Result "1/2-1/2"]
[WhiteElo "2669"]
[BlackElo "2721"]
[PlyCount "130"]
[EventDate "2011.??.??"]

1. c4 Nf6 2. Nc3 e6 3. e4 d5 4. e5 d4 5. exf6 dxc3 6. bxc3 Qxf6 7. d4 e5 8. Nf3
exd4 9. Bg5 Qe6+ 10. Be2 Be7 11. cxd4 Bxg5 12. Nxg5 Qg6 13. f4 O-O 14. O-O Nc6
15. d5 Ne7 16. Qd2 Qb6+ 17. Kh1 Nf5 18. Bd3 h6 19. Nf3 c6 20. Rab1 Qc5 21. Rfe1
Nd6 22. dxc6 Qxc6 23. Nd4 Qc7 24. f5 Ne8 25. Nb5 Qd8 26. Red1 Nf6 27. Qf4 Bd7
28. Nd6 b6 29. Be4 Rb8 30. Bf3 Qc7 31. Rd4 Bc6 32. Rbd1 Rbd8 33. h3 Rd7 34.
Bxc6 Qxc6 35. Nb5 Rxd4 36. Qxd4 Re8 37. Nc3 Ne4 38. Rd3 Nxc3 39. Qxc3 Re4 40.
Rg3 f6 41. Rg4 Rxg4 42. hxg4 Qe4 43. Qa3 Qxg4 44. Qxa7 Qxc4 45. Qxb6 Qxa2 46.
Qd8+ Kh7 47. Qd1 Qf2 48. Qg4 Qe3 49. Kh2 Qg5 50. Qe4 h5 51. Kh3 Qc1 52. g4 Qf1+
53. Kg3 Qg1+ 54. Kh3 hxg4+ 55. Qxg4 Qe3+ 56. Kg2 Qd2+ 57. Kh3 Qd3+ 58. Kg2 Kg8
59. Qf3 Qc2+ 60. Kh3 Qc4 61. Qa8+ Kh7 62. Qf3 Kh6 63. Qg4 Qf1+ 64. Kg3 Qd3+ 65.
Kh4 Kh7 1/2-1/2

[Event "3rd International Grandmasters Tournamen"]
[Site "Lublin"]
[Date "2011.05.17"]
[Round "3"]
[White "Wojtaszek, Radoslaw"]
[Black "Sasikiran, Krishnan"]
[Result "0-1"]
[WhiteElo "2721"]
[BlackElo "2676"]
[PlyCount "80"]
[EventDate "2011.??.??"]

1. d4 Nf6 2. c4 e6 3. Nc3 Bb4 4. e3 O-O 5. Bd3 c5 6. Nf3 d5 7. O-O Nc6 8. a3
Bxc3 9. bxc3 dxc4 10. Bxc4 Qc7 11. h3 e5 12. Ba2 Bf5 13. d5 Rad8 14. c4 e4 15.
Nh4 Bc8 16. f4 b5 17. Bb2 bxc4 18. Bxf6 gxf6 19. Qh5 Ne7 20. Bxc4 Kh8 21. d6
Rxd6 22. Bxf7 f5 23. g4 c4 24. gxf5 Qc5 25. Kh2 Rd2+ 26. Kh1 Qxe3 27. Ng6+ Nxg6
28. Bxg6 Rd7 29. Qh6 Qc5 30. Rad1 Rg7 31. Rg1 Qb6 32. Qh4 e3 33. Kh2 Bb7 34.
Rb1 Qd4 35. Rgd1 Qe4 36. Rb2 e2 37. Rg1 c3 38. Rb4 Qc2 39. Re1 Bf3 40. Rd4 Qd2
0-1

[Event "3rd International Grandmasters Tournamen"]
[Site "Lublin"]
[Date "2011.05.17"]
[Round "3"]
[White "Roiz, Michael"]
[Black "Grachev, Boris"]
[Result "1/2-1/2"]
[WhiteElo "2660"]
[BlackElo "2669"]
[PlyCount "60"]
[EventDate "2011.??.??"]

1. d4 d5 2. c4 c6 3. Nf3 Nf6 4. Nc3 e6 5. g3 Nbd7 6. Bg2 dxc4 7. a4 Be7 8. O-O
O-O 9. e4 a5 10. Bf4 Nh5 11. Be3 Nhf6 12. Bf4 Nh5 13. Be3 Nhf6 14. Nd2 b6 15.
Qe2 Ba6 16. Rfd1 Rc8 17. Nxc4 Nd5 18. Bf1 N7f6 19. Qf3 Nxe3 20. Nxe3 Bxf1 21.
Kxf1 Bb4 22. Rac1 Qe7 23. e5 Nd5 24. Ncxd5 cxd5 25. Qe2 Rc7 26. Rc2 Rfc8 27.
Rdc1 h6 28. Qd3 Rxc2 29. Rxc2 Rxc2 30. Qxc2 Qd7 1/2-1/2

[Event "3rd International Grandmasters Tournamen"]
[Site "Lublin"]
[Date "2011.05.17"]
[Round "3"]
[White "Zhigalko, Sergei"]
[Black "Shirov, Alexei"]
[Result "0-1"]
[WhiteElo "2679"]
[BlackElo "2709"]
[PlyCount "58"]
[EventDate "2011.??.??"]

1. e4 e6 2. d4 d5 3. Nc3 Nf6 4. e5 Nfd7 5. f4 c5 6. Nf3 Nc6 7. Be3 cxd4 8. Nxd4
Bc5 9. Qd2 O-O 10. O-O-O a6 11. Nb3 Bb4 12. Bd3 b5 13. Qf2 Bxc3 14. bxc3 Bb7
15. Rhg1 Rc8 16. g4 b4 17. Bd2 a5 18. cxb4 Nxb4 19. Bxb4 axb4 20. Rde1 Ra8 21.
Kb1 Ba6 22. f5 Bxd3 23. cxd3 Nb6 24. Qf4 Rxa2 25. f6 Qc8 26. Rc1 Qa6 27. Qxb4
Rxh2 28. Rc2 Rxc2 29. Kxc2 Qa2+ 0-1

[Event "3rd International Grandmasters Tournamen"]
[Site "Lublin"]
[Date "2011.05.17"]
[Round "3"]
[White "Alekseev, Evgeny"]
[Black "Socko, Bartosz"]
[Result "1/2-1/2"]
[WhiteElo "2673"]
[BlackElo "2654"]
[PlyCount "43"]
[EventDate "2011.??.??"]

1. e4 e6 2. d4 d5 3. Nc3 Bb4 4. exd5 exd5 5. Bd3 Nc6 6. Nge2 Nge7 7. O-O Bf5 8.
Be3 Qd7 9. a3 Bxc3 10. Nxc3 Bxd3 11. Qxd3 O-O 12. f3 Rae8 13. Rfe1 Nd8 14. Bf2
Ng6 15. Qd2 c6 16. Rad1 Qf5 17. Ne2 h6 18. Ng3 Qd7 19. Nh5 Qf5 20. Ng3 Qd7 21.
Nh5 Qf5 22. Ng3 1/2-1/2

[Event "3rd International Grandmasters Tournamen"]
[Site "Lublin"]
[Date "2011.05.18"]
[Round "4"]
[White "Sasikiran, Krishnan"]
[Black "Socko, Bartosz"]
[Result "1/2-1/2"]
[WhiteElo "2676"]
[BlackElo "2654"]
[PlyCount "98"]
[EventDate "2011.??.??"]

1. d4 Nf6 2. c4 e6 3. Nf3 d5 4. g3 dxc4 5. Bg2 Bd7 6. Ne5 Bc6 7. Nxc6 Nxc6 8.
O-O Qd7 9. e3 O-O-O 10. Qf3 Nd5 11. Bd2 f5 12. Rc1 e5 13. Nc3 e4 14. Qe2 Nb6
15. b3 cxb3 16. axb3 Kb8 17. Na4 h5 18. Be1 h4 19. f3 Nxa4 20. Rxa4 hxg3 21.
hxg3 Qd5 22. Qc4 exf3 23. Qxd5 Rxd5 24. Bxf3 Rb5 25. Rca1 Rxb3 26. Bxc6 bxc6
27. Rxa7 Kc8 28. Ra8+ Kd7 29. Bf2 g6 30. Kg2 Rb2 31. Rd1 g5 32. Rda1 g4 33. Rd1
Bg7 34. Rxh8 Bxh8 35. Rh1 Bf6 36. Rh7+ Be7 37. Kf1 Ke6 38. Be1 Bd6 39. Rh5 Rc2
40. Bf2 Ra2 41. Be1 c5 42. dxc5 Be7 43. e4 fxe4 44. Bc3 Ra3 45. Re5+ Kd7 46.
Bb4 Rf3+ 47. Kg2 c6 48. Rxe4 Rf5 49. Rxg4 Bxc5 1/2-1/2

[Event "3rd International Grandmasters Tournamen"]
[Site "Lublin"]
[Date "2011.05.18"]
[Round "4"]
[White "Grachev, Boris"]
[Black "Zhigalko, Sergei"]
[Result "1/2-1/2"]
[WhiteElo "2669"]
[BlackElo "2679"]
[PlyCount "134"]
[EventDate "2011.??.??"]

1. d4 Nf6 2. c4 e6 3. Nf3 b6 4. Nc3 Bb4 5. e3 Bb7 6. Bd3 O-O 7. O-O c5 8. Na4
cxd4 9. exd4 Re8 10. a3 Bf8 11. Bf4 d6 12. Re1 Nbd7 13. Nc3 a6 14. h3 Qc7 15.
Rc1 Rac8 16. b4 Qb8 17. Bh2 Qa8 18. Bf1 Rcd8 19. Nd2 e5 20. d5 b5 21. cxb5 axb5
22. Nxb5 Qb8 23. Nb3 Rc8 24. Nc3 Qa8 25. Na5 Nxd5 26. Nxb7 Nxc3 27. Qb3 Qxb7
28. Rxc3 Rxc3 29. Qxc3 Rc8 30. Qd3 Nb6 31. Bg3 Nc4 32. Qc3 Nb6 33. Qb3 e4 34.
Bf4 d5 35. Rc1 Rxc1 36. Bxc1 d4 37. Bd2 Qc7 38. a4 d3 39. a5 Nc4 40. Bc3 Nd6
41. a6 Qc6 42. a7 Nb5 43. Qa4 Nxa7 44. Qxc6 Nxc6 45. b5 Nb4 46. Bxb4 Bxb4 47.
b6 f5 48. b7 Bd6 49. g4 f4 50. f3 d2 51. Bc4+ Kf8 52. Bb3 e3 53. Kf1 Ke7 54.
Ke2 h5 55. g5 Kd8 56. h4 Kc7 57. Bf7 Kxb7 58. Bxh5 Kc6 59. Be8+ Kd5 60. h5 Ke6
61. h6 gxh6 62. gxh6 Kf5 63. h7 Be5 64. Ba4 Kg5 65. Bb3 Kh4 66. Ba4 Kg3 67. Bb3
Bf6 1/2-1/2

[Event "3rd International Grandmasters Tournamen"]
[Site "Lublin"]
[Date "2011.05.18"]
[Round "4"]
[White "Wojtaszek, Radoslaw"]
[Black "Roiz, Michael"]
[Result "1/2-1/2"]
[WhiteElo "2721"]
[BlackElo "2660"]
[PlyCount "60"]
[EventDate "2011.??.??"]

1. d4 e6 2. Nf3 Nf6 3. c4 d5 4. Nc3 Be7 5. Bf4 O-O 6. a3 b6 7. cxd5 Nxd5 8.
Nxd5 exd5 9. Qc2 c5 10. dxc5 bxc5 11. e4 d4 12. Bd3 Ba6 13. Bxa6 Qa5+ 14. Nd2
Qxa6 15. Bxb8 Raxb8 16. Nc4 d3 17. Qxd3 Rfd8 18. Qe2 Bg5 19. h4 Rd4 20. hxg5
Qxc4 21. Qxc4 Rxc4 22. O-O Rxe4 23. Rac1 c4 24. f3 Rd4 25. Rfd1 Rxd1+ 26. Rxd1
h6 27. gxh6 Rxb2 28. Rc1 Ra2 29. Rxc4 Rxa3 30. hxg7 Kxg7 1/2-1/2

[Event "3rd International Grandmasters Tournamen"]
[Site "Lublin"]
[Date "2011.05.19"]
[Round "5"]
[White "Roiz, Michael"]
[Black "Sasikiran, Krishnan"]
[Result "1/2-1/2"]
[WhiteElo "2660"]
[BlackElo "2676"]
[PlyCount "107"]
[EventDate "2011.??.??"]

1. d4 Nf6 2. c4 e6 3. Nf3 b6 4. a3 Bb7 5. Nc3 d5 6. cxd5 Nxd5 7. e3 g6 8. Nxd5
exd5 9. Bd2 Nd7 10. Rc1 c6 11. Qa4 a6 12. Rxc6 b5 13. Qc2 Bxc6 14. Qxc6 Be7 15.
Be2 O-O 16. Qxd5 Rc8 17. O-O Nb6 18. Qxd8 Rfxd8 19. Rb1 Nc4 20. Be1 f6 21. Kf1
Kf7 22. Nd2 Nxd2+ 23. Bxd2 f5 24. g3 h5 25. h4 Rd7 26. Bd3 Bf6 27. Bb4 Be7 28.
Bd2 Bf6 29. Bc3 Be7 30. Ra1 Rb8 31. Ke2 Bd6 32. a4 b4 33. Bd2 a5 34. Rc1 Rc7
35. Rxc7+ Bxc7 36. b3 Bd8 37. f3 Bf6 38. Be1 Rd8 39. Bc4+ Kg7 40. Kd3 g5 41.
hxg5 Bxg5 42. Bf2 Rc8 43. e4 fxe4+ 44. fxe4 Rf8 45. Ke2 Kf6 46. e5+ Kf5 47. Kf3
Kg6+ 48. Ke2 Kf5 49. Be3 Bxe3 50. Kxe3 h4 51. gxh4 Rh8 52. e6 Kf6 53. d5 Ke7
54. Kd4 1/2-1/2

[Event "3rd International Grandmasters Tournamen"]
[Site "Lublin"]
[Date "2011.05.19"]
[Round "5"]
[White "Zhigalko, Sergei"]
[Black "Wojtaszek, Radoslaw"]
[Result "1-0"]
[WhiteElo "2679"]
[BlackElo "2721"]
[PlyCount "121"]
[EventDate "2011.??.??"]

1. e4 c5 2. c3 d5 3. exd5 Qxd5 4. d4 Nf6 5. Nf3 e6 6. Be2 cxd4 7. cxd4 Nc6 8.
Nc3 Qd6 9. O-O Be7 10. Be3 O-O 11. Rc1 Rd8 12. a3 Bd7 13. b4 Be8 14. Qd2 Bf8
15. Rfd1 h6 16. h3 Rac8 17. Bf4 Qe7 18. Qe3 a6 19. Ne5 Nd5 20. Nxd5 Rxd5 21.
Bf3 Rdd8 22. Nc4 g5 23. Bg3 Nxd4 24. Rxd4 Rxd4 25. Qxd4 b5 26. Be5 Rxc4 27.
Rxc4 bxc4 28. Qxc4 Bb5 29. Qc8 f6 30. Bd4 Kg7 31. Bb7 Qd6 32. Bc5 Qd1+ 33. Kh2
Bd6+ 34. g3 Bxc5 35. bxc5 Qe1 36. Bg2 Qxf2 37. Qb7+ Kg6 38. Qe4+ f5 39. Qxe6+
Kg7 40. Qe7+ Kg6 41. Qd6+ Kg7 42. Qc7+ Kg6 43. Qb6+ Kg7 44. Qb7+ Kg6 45. Qb6+
Kg7 46. Qc7+ Kf6 47. Qd6+ Kf7 48. Qxh6 f4 49. Qxg5 fxg3+ 50. Qxg3 Qxc5 51. h4
Kf6 52. Qf4+ Kg7 53. Qg3+ Kf6 54. Be4 Qc1 55. Qd6+ Kf7 56. Qd5+ Kf8 57. Qd8+
Be8 58. Qd6+ Kg8 59. Bd5+ Kh7 60. Qe7+ Kh6 61. Qf8+ 1-0

[Event "3rd International Grandmasters Tournamen"]
[Site "Lublin"]
[Date "2011.05.19"]
[Round "5"]
[White "Alekseev, Evgeny"]
[Black "Grachev, Boris"]
[Result "1/2-1/2"]
[WhiteElo "2673"]
[BlackElo "2669"]
[PlyCount "61"]
[EventDate "2011.??.??"]

1. d4 d5 2. c4 e6 3. Nf3 Nf6 4. Nc3 Be7 5. Bg5 h6 6. Bh4 O-O 7. e3 Ne4 8. Bxe7
Qxe7 9. Rc1 c6 10. Bd3 Nxc3 11. Rxc3 Nd7 12. O-O e5 13. Nxe5 Nxe5 14. dxe5 dxc4
15. Bxc4 Qxe5 16. Qc2 Bf5 17. Bd3 Bxd3 18. Rxd3 Rad8 19. Rfd1 Rxd3 20. Rxd3 Qa5
21. h3 Qxa2 22. Ra3 Qd5 23. Rxa7 c5 24. b3 Rd8 25. Qc4 Qxc4 26. bxc4 Rd1+ 27.
Kh2 Rc1 28. Rxb7 Rxc4 29. g4 g5 30. Rc7 Kg7 31. Kg3 1/2-1/2

[Event "3rd International Grandmasters Tournamen"]
[Site "Lublin"]
[Date "2011.05.19"]
[Round "5"]
[White "Socko, Bartosz"]
[Black "Shirov, Alexei"]
[Result "1/2-1/2"]
[WhiteElo "2654"]
[BlackElo "2709"]
[PlyCount "61"]
[EventDate "2011.??.??"]

1. d4 d5 2. c4 c6 3. Nf3 Nf6 4. Nc3 e6 5. Bg5 h6 6. Bxf6 Qxf6 7. e3 Nd7 8. Rc1
Bd6 9. Bd3 dxc4 10. Bxc4 O-O 11. O-O Qe7 12. e4 e5 13. d5 Nb6 14. Bb3 cxd5 15.
Nxd5 Nxd5 16. Bxd5 Bg4 17. h3 Bxf3 18. Qxf3 Rac8 19. Qf5 Rc7 20. Rxc7 Qxc7 21.
Rd1 Bc5 22. Rd3 Bd4 23. Kh2 b6 24. Rg3 Kh8 25. Rf3 Bxb2 26. Qg6 fxg6 27. Rxf8+
Kh7 28. Bg8+ Kh8 29. Be6+ Kh7 30. Bg8+ Kh8 31. Bb3+ 1/2-1/2

[Event "3rd International Grandmasters Tournamen"]
[Site "Lublin"]
[Date "2011.05.20"]
[Round "6"]
[White "Sasikiran, Krishnan"]
[Black "Shirov, Alexei"]
[Result "1/2-1/2"]
[WhiteElo "2676"]
[BlackElo "2709"]
[PlyCount "177"]
[EventDate "2011.??.??"]

1. d4 d5 2. Nf3 Nf6 3. c4 c6 4. Nc3 e6 5. e3 Nbd7 6. Qc2 Bd6 7. Bd3 O-O 8. O-O
dxc4 9. Bxc4 b5 10. Bd3 Bb7 11. e4 e5 12. h3 a6 13. dxe5 Nxe5 14. Nxe5 Bxe5 15.
Be3 c5 16. Bxc5 Re8 17. Rad1 Qc7 18. Nd5 Nxd5 19. exd5 g6 20. Be2 Rad8 21. Bf3
a5 22. Qc1 Qb8 23. b4 axb4 24. Bxb4 Bh2+ 25. Kh1 Bf4 26. Qa3 Rd7 27. Rd3 h5 28.
Rfd1 Bd6 29. Qb2 Re5 30. Bc3 Rf5 31. Qxb5 Qc8 32. Qb2 Re7 33. Bb4 Qd8 34. Bxd6
Qxd6 35. Rb3 Rfe5 36. Re3 Rxe3 37. fxe3 Bc8 38. Qd4 Rb7 39. Rc1 Bd7 40. Qf4
Qxf4 41. exf4 Kf8 42. Kh2 Rb4 43. Kg3 Ke7 44. Rc3 Kd6 45. Ra3 Ba4 46. h4 Bd7
47. Ra6+ Ke7 48. Ra7 Kd6 49. f5 Bxf5 50. Rxf7 Ra4 51. Bxh5 Ke5 52. Bf3 Rxa2 53.
Re7+ Kd6 54. Rh7 Ke5 55. h5 gxh5 56. Rxh5 Ra4 57. Rh4 Ra8 58. Rh1 Ra4 59. Re1+
Kd6 60. Kf2 Ra2+ 61. Kg3 Ra4 62. Rd1 Rb4 63. Ra1 Ke5 64. Ra3 Rd4 65. Ra8 Rb4
66. Re8+ Kd6 67. Kf2 Rb3 68. Rg8 Ke5 69. g4 Bd7 70. Rg7 Bc8 71. Kg3 Rc3 72. Rf7
Rc4 73. Re7+ Kf6 74. Re4 Rxe4 75. Bxe4 Kg5 76. Bf3 Bd7 77. Bd1 Bc8 78. Be2 Bd7
79. Bf3 Bc8 80. Bd1 Bd7 81. Kf2 Kf4 82. Bf3 Be8 83. Be2 Bd7 84. Bf3 Be8 85. d6
Ke5 86. Ke3 Kxd6 87. Kf4 Ke7 88. Ke5 Kf7 89. g5 1/2-1/2

[Event "3rd International Grandmasters Tournamen"]
[Site "Lublin"]
[Date "2011.05.20"]
[Round "6"]
[White "Grachev, Boris"]
[Black "Socko, Bartosz"]
[Result "1-0"]
[WhiteElo "2669"]
[BlackElo "2654"]
[PlyCount "85"]
[EventDate "2011.??.??"]

1. c4 Nf6 2. Nc3 e6 3. e4 d5 4. e5 d4 5. exf6 dxc3 6. bxc3 Qxf6 7. d4 e5 8. Nf3
exd4 9. Bg5 Qe6+ 10. Be2 Be7 11. cxd4 Bxg5 12. Nxg5 Qg6 13. f4 O-O 14. O-O Nc6
15. d5 Ne7 16. Qd2 h6 17. Nf3 Qd6 18. Rad1 c6 19. dxc6 Qxd2 20. Nxd2 Nxc6 21.
Ne4 Re8 22. Bf3 Bg4 23. Bxg4 Rxe4 24. Rd7 Rxc4 25. Rxb7 Rd8 26. Bd1 Rb4 27. Rc7
Nd4 28. f5 a5 29. Bh5 Rf8 30. Ra7 Rb5 31. Bg4 Nc6 32. Rc7 Ne5 33. Bd1 Rd8 34.
Bb3 Rd2 35. Ra7 h5 36. h3 Rd4 37. f6 gxf6 38. Rxf6 Rc5 39. Rf5 h4 40. Bxf7+ Kg7
41. Kh2 Rd2 42. Be8+ Kg8 43. Ba4 1-0

[Event "3rd International Grandmasters Tournamen"]
[Site "Lublin"]
[Date "2011.05.20"]
[Round "6"]
[White "Wojtaszek, Radoslaw"]
[Black "Alekseev, Evgeny"]
[Result "1/2-1/2"]
[WhiteElo "2721"]
[BlackElo "2673"]
[PlyCount "61"]
[EventDate "2011.??.??"]

1. Nf3 d5 2. c4 e6 3. d4 Nf6 4. Nc3 Be7 5. Bg5 h6 6. Bh4 O-O 7. e3 Ne4 8. Bxe7
Qxe7 9. Rc1 c6 10. Bd3 Nxc3 11. Rxc3 Nd7 12. O-O e5 13. dxe5 dxc4 14. Bxc4 Nxe5
15. Nxe5 Qxe5 16. Qc2 Bf5 17. Bd3 Bxd3 18. Rxd3 Rad8 19. Rfd1 Rxd3 20. Rxd3 Qa5
21. h3 Qxa2 22. Ra3 Qd5 23. Rxa7 c5 24. Ra5 b6 25. Ra7 Rd8 26. Kh2 Ra8 27.
Rxa8+ Qxa8 28. Kg3 Qc6 29. e4 g6 30. Kf3 Qf6+ 31. Ke2 1/2-1/2

[Event "3rd International Grandmasters Tournamen"]
[Site "Lublin"]
[Date "2011.05.20"]
[Round "6"]
[White "Roiz, Michael"]
[Black "Zhigalko, Sergei"]
[Result "1/2-1/2"]
[WhiteElo "2660"]
[BlackElo "2679"]
[PlyCount "65"]
[EventDate "2011.??.??"]

1. d4 Nf6 2. c4 e6 3. Nf3 b6 4. g3 Ba6 5. Qa4 Bb7 6. Bg2 c5 7. dxc5 Bxc5 8. Nc3
O-O 9. Bf4 Na6 10. O-O Be7 11. Rfd1 Nc5 12. Qc2 Qc8 13. Rd4 d5 14. cxd5 Nxd5
15. Nxd5 Bxd5 16. Ng5 Bxg5 17. Bxg5 Bxg2 18. Kxg2 e5 19. Rh4 Qc6+ 20. Kg1 Qg6
21. Qxg6 hxg6 22. Be3 Rac8 23. Rd1 Rfd8 24. Rxd8+ Rxd8 25. Rc4 Ne6 26. a4 Kf8
27. b4 Ke7 28. a5 bxa5 29. bxa5 Rd5 30. a6 Ra5 31. Rb4 Rxa6 32. Rb7+ Kf6 33.
Rxa7 1/2-1/2